[Event "ODJM C 2024"]
[Site "Willingen GER"]
[Date "2024.05.19"]
[Round "1"]
[White "Classen, Marnin"]
[Black "Bharathula, Agasthya"]
[Result "1-0"]
[Termination "normal"]
[Board "1"]
[WhiteElo "1654"]
[BlackElo "1142"]
[WhiteClock "01:01:04"]
[BlackClock "01:03:18"]
[PlyCount "65"]
[WhiteFideId "34623833"]
[BlackFideId "34641785"]
[EventCountry "GER"]
[EventRounds "9"]
[EventType "swiss"]
[EventDate "2024.05.18"]

1. e4 {[%clk 01:30:58]} {[%emt 00:00:01]} e5 {[%clk 01:30:55]} {[%emt
00:00:05]} 2. Nf3 {[%clk 01:31:18]} {[%emt 00:00:10]} Nc6 {[%clk 01:31:03]}
{[%emt 00:00:23]} 3. Bb5 {[%clk 01:31:42]} {[%emt 00:00:05]} a6 {[%clk
01:31:07]} {[%emt 00:00:27]} 4. Ba4 {[%clk 01:32:07]} {[%emt 00:00:05]} Nf6
{[%clk 01:31:28]} {[%emt 00:00:09]} 5. O-O {[%clk 01:32:31]} {[%emt 00:00:05]}
Be7 {[%clk 01:31:45]} {[%emt 00:00:13]} 6. Re1 {[%clk 01:32:54]} {[%emt
00:00:07]} b5 {[%clk 01:31:59]} {[%emt 00:00:16]} 7. Bb3 {[%clk 01:33:18]}
{[%emt 00:00:06]} O-O {[%clk 01:32:20]} {[%emt 00:00:09]} 8. h3 {[%clk
01:33:30]} {[%emt 00:00:18]} d5 {[%clk 01:32:29]} {[%emt 00:00:22]} 9. exd5
{[%clk 01:33:51]} {[%emt 00:00:08]} Nxd5 {[%clk 01:32:48]} {[%emt 00:00:10]}
10. Nxe5 {[%clk 01:34:11]} {[%emt 00:00:11]} Nxe5 {[%clk 01:33:01]} {[%emt
00:00:18]} 11. Rxe5 {[%clk 01:34:35]} {[%emt 00:00:06]} Bb7 {[%clk 01:33:18]}
{[%emt 00:00:12]} 12. d3 {[%clk 01:28:54]} {[%emt 00:06:10]} Bf6 {[%clk
01:33:31]} {[%emt 00:00:19]} 13. Re1 {[%clk 01:25:57]} {[%emt 00:03:25]} Qd7
{[%clk 01:33:44]} {[%emt 00:00:18]} 14. Nd2 {[%clk 01:17:05]} {[%emt 00:09:22]}
Rae8 {[%clk 01:34:00]} {[%emt 00:00:14]} 15. Ne4 {[%clk 01:17:09]} {[%emt
00:00:25]} Qf5 {[%clk 01:27:59]} {[%emt 00:06:32]} 16. Qg4 {[%clk 01:15:43]}
{[%emt 00:01:55]} Qxg4 {[%clk 01:20:20]} {[%emt 00:08:11]} 17. hxg4 {[%clk
01:15:57]} {[%emt 00:00:15]} Bd4 {[%clk 01:19:57]} {[%emt 00:00:53]} 18. c3
{[%clk 01:15:41]} {[%emt 00:00:45]} Bc5 {[%clk 01:18:14]} {[%emt 00:02:14]} 19.
Bd2 {[%clk 01:15:18]} {[%emt 00:00:53]} Bb6 {[%emt 00:02:54]} 20. Rac1 {[%clk
01:14:03]} f5 {[%clk 01:17:28]} {[%emt 00:00:37]} 21. gxf5 {[%clk 01:13:23]}
{[%emt 00:01:10]} Kh8 {[%clk 01:15:15]} {[%emt 00:02:44]} 22. f6 {[%clk
01:09:37]} {[%emt 00:04:16]} gxf6 {[%clk 01:13:33]} {[%emt 00:02:11]} 23. c4
{[%clk 01:05:02]} {[%emt 00:05:05]} Ne7 {[%clk 01:10:58]} {[%emt 00:03:05]} 24.
c5 {[%emt 00:02:17]} Ba7 {[%clk 01:08:46]} {[%emt 00:02:42]} 25. Bh6 {[%clk
01:03:07]} {[%emt 00:00:38]} Rg8 {[%clk 01:08:10]} {[%emt 00:01:06]} 26. Bxg8
{[%clk 01:02:31]} {[%emt 00:01:05]} Rxg8 {[%clk 01:08:18]} {[%emt 00:00:23]}
27. c6 {[%clk 01:01:36]} {[%emt 00:01:25]} Bxc6 {[%clk 01:07:26]} {[%emt
00:01:22]} 28. Rxc6 {[%clk 01:01:10]} {[%emt 00:00:55]} Nxc6 {[%clk 01:06:54]}
{[%emt 00:01:02]} 29. Nxf6 {[%clk 01:01:34]} {[%emt 00:00:06]} Rd8 {[%clk
01:07:01]} {[%emt 00:00:24]} 30. Re6 {[%clk 01:01:08]} {[%emt 00:00:56]} Nb4
{[%clk 01:06:57]} {[%emt 00:00:33]} 31. Re7 {[%clk 01:00:53]} {[%emt 00:00:46]}
Bxf2+ {[%clk 01:06:31]} {[%emt 00:00:56]} 32. Kf1 {[%clk 01:01:11]} {[%emt
00:00:11]} Rxd3 {[%clk 01:03:18]} {[%emt 00:03:44]} 33. Bg7# {[%clk 01:01:04]}
{[%emt 00:00:07]} 1-0

[Event "ODJM C 2024"]
[Site "Willingen GER"]
[Date "2024.05.19"]
[Round "1"]
[White "Döscher, Rasmus"]
[Black "Kraus, Joshua"]
[Result "1-0"]
[Termination "normal"]
[Board "3"]
[WhiteElo "1503"]
[BlackElo "1111"]
[WhiteClock "01:08:41"]
[BlackClock "00:49:00"]
[PlyCount "59"]
[WhiteFideId "34625038"]
[BlackFideId "34660500"]
[EventCountry "GER"]
[EventRounds "9"]
[EventType "swiss"]
[EventDate "2024.05.18"]

1. d4 {[%clk 01:30:58]} {[%emt 00:00:01]} d5 {[%clk 01:30:54]} {[%emt
00:00:06]} 2. c4 {[%clk 01:31:23]} {[%emt 00:00:06]} e6 {[%clk 01:31:14]}
{[%emt 00:00:10]} 3. Nc3 {[%clk 01:31:14]} {[%emt 00:00:39]} Nf6 {[%clk
01:31:20]} {[%emt 00:00:24]} 4. Nf3 {[%clk 01:31:25]} {[%emt 00:00:19]} Bb4
{[%clk 01:31:33]} {[%emt 00:00:17]} 5. Bf4 {[%clk 01:31:39]} {[%emt 00:00:16]}
Bxc3+ {[%clk 01:31:02]} {[%emt 00:01:01]} 6. bxc3 {[%clk 01:32:04]} {[%emt
00:00:06]} Nbd7 {[%clk 01:29:36]} {[%emt 00:01:55]} 7. e3 {[%clk 01:31:34]}
{[%emt 00:01:00]} O-O {[%clk 01:28:32]} {[%emt 00:01:34]} 8. Bd3 {[%clk
01:29:49]} {[%emt 00:02:15]} c6 {[%clk 01:27:37]} {[%emt 00:01:25]} 9. O-O
{[%clk 01:29:08]} {[%emt 00:01:11]} Ne4 {[%clk 01:25:13]} {[%emt 00:02:54]} 10.
Qc2 {[%clk 01:28:49]} {[%emt 00:00:49]} f5 {[%clk 01:24:14]} {[%emt 00:01:29]}
11. cxd5 {[%clk 01:27:45]} {[%emt 00:01:34]} cxd5 {[%clk 01:24:06]} {[%emt
00:00:38]} 12. c4 {[%clk 01:26:01]} {[%emt 00:02:14]} Ndf6 {[%clk 01:20:54]}
{[%emt 00:03:42]} 13. Ne5 {[%clk 01:23:09]} {[%emt 00:03:22]} g5 {[%clk
01:17:06]} {[%emt 00:04:17]} 14. Bg3 {[%clk 01:22:38]} {[%emt 00:01:01]} Nxg3
{[%clk 01:16:09]} {[%emt 00:01:27]} 15. fxg3 {[%clk 01:22:55]} {[%emt
00:00:13]} Ne4 {[%clk 01:15:24]} {[%emt 00:01:16]} 16. g4 {[%clk 01:22:03]}
{[%emt 00:01:22]} b6 {[%clk 01:12:29]} {[%emt 00:03:25]} 17. cxd5 {[%clk
01:20:39]} {[%emt 00:01:54]} exd5 {[%emt 00:07:51]} 18. Rf3 {[%clk 01:13:23]}
{[%emt 00:00:26]} Be6 19. gxf5 {[%clk 01:11:02]} Rc8 {[%clk 01:08:31]} {[%emt
00:03:09]} 20. Qe2 {[%clk 01:09:53]} {[%emt 00:01:39]} Bxf5 {[%clk 01:06:57]}
{[%emt 00:02:04]} 21. Raf1 {[%clk 01:09:58]} {[%emt 00:00:25]} Nc3 {[%clk
01:00:03]} {[%emt 00:07:24]} 22. Qd2 {[%clk 01:09:44]} {[%emt 00:00:44]} Ne4
{[%clk 00:55:45]} {[%emt 00:04:48]} 23. Bxe4 {[%clk 01:09:17]} {[%emt
00:00:57]} dxe4 {[%clk 00:55:58]} {[%emt 00:00:17]} 24. Rxf5 {[%clk 01:09:36]}
{[%emt 00:00:11]} Rxf5 {[%clk 00:56:05]} {[%emt 00:00:22]} 25. Rxf5 {[%clk
01:10:01]} {[%emt 00:00:05]} Rc5 {[%clk 00:53:06]} {[%emt 00:03:29]} 26. Qb2
{[%clk 01:09:21]} {[%emt 00:01:11]} Rc7 {[%clk 00:49:56]} {[%emt 00:03:40]} 27.
Qb3+ {[%clk 01:09:05]} {[%emt 00:00:46]} Kg7 {[%clk 00:48:28]} {[%emt
00:01:56]} 28. Rf7+ {[%clk 01:08:34]} {[%emt 00:01:02]} Rxf7 {[%clk 00:48:39]}
{[%emt 00:00:19]} 29. Qxf7+ {[%clk 01:08:57]} {[%emt 00:00:07]} Kh6 {[%clk
00:49:00]} {[%emt 00:00:09]} 30. Ng4# {[%clk 01:08:41]} {[%emt 00:00:15]} 1-0

[Event "ODJM C 2024"]
[Site "Willingen GER"]
[Date "2024.05.19"]
[Round "1"]
[White "Lohrmann, Flavia"]
[Black "Englert, Ann"]
[Result "0-1"]
[Termination "normal"]
[Board "4"]
[WhiteElo "1455"]
[BlackElo "1530"]
[WhiteClock "00:29:28"]
[BlackClock "01:26:04"]
[PlyCount "108"]
[WhiteFideId "12982865"]
[BlackFideId "34606181"]
[EventCountry "GER"]
[EventRounds "9"]
[EventType "swiss"]
[EventDate "2024.05.18"]

1. e4 {[%clk 01:30:57]} {[%emt 00:00:02]} c5 {[%clk 01:30:53]} {[%emt
00:00:07]} 2. Nf3 {[%clk 01:31:11]} {[%emt 00:00:17]} Nc6 {[%clk 01:31:06]}
{[%emt 00:00:17]} 3. d4 {[%clk 01:29:19]} {[%emt 00:02:22]} cxd4 {[%clk
01:31:14]} {[%emt 00:00:22]} 4. Nxd4 {[%clk 01:29:24]} {[%emt 00:00:25]} g6
{[%clk 01:31:17]} {[%emt 00:00:27]} 5. Bd3 {[%clk 01:27:25]} {[%emt 00:02:30]}
Nxd4 {[%clk 01:29:39]} {[%emt 00:02:07]} 6. Bc4 {[%clk 01:24:26]} {[%emt
00:03:29]} Nc6 {[%clk 01:29:41]} {[%emt 00:00:27]} 7. Nc3 {[%clk 01:22:18]}
{[%emt 00:02:39]} Bg7 {[%clk 01:29:31]} {[%emt 00:00:40]} 8. Nd5 {[%clk
01:20:15]} {[%emt 00:02:33]} e6 {[%clk 01:28:18]} {[%emt 00:01:43]} 9. Nf4
{[%clk 01:18:13]} {[%emt 00:02:31]} Nf6 {[%clk 01:28:08]} {[%emt 00:00:41]} 10.
Qe2 {[%clk 01:14:34]} {[%emt 00:04:09]} O-O {[%clk 01:27:41]} {[%emt 00:00:56]}
11. e5 {[%clk 01:11:28]} {[%emt 00:03:37]} Ne8 {[%clk 01:27:18]} {[%emt
00:00:53]} 12. Nd3 {[%clk 01:11:38]} {[%emt 00:00:19]} Nd4 {[%clk 01:26:56]}
{[%emt 00:00:52]} 13. Qd2 {[%clk 01:08:17]} {[%emt 00:03:52]} Qc7 {[%clk
01:26:10]} {[%emt 00:01:16]} 14. Bb3 {[%clk 01:05:26]} {[%emt 00:03:21]} Nxb3
{[%clk 01:25:56]} {[%emt 00:00:44]} 15. axb3 {[%clk 01:04:57]} {[%emt
00:00:59]} Bxe5 {[%clk 01:26:01]} {[%emt 00:00:24]} 16. Qh6 {[%clk 01:00:46]}
{[%emt 00:04:41]} Bg7 {[%clk 01:25:51]} {[%emt 00:00:41]} 17. Qh4 {[%clk
00:59:48]} {[%emt 00:01:28]} Nf6 {[%clk 01:25:40]} {[%emt 00:00:41]} 18. c3
{[%clk 00:57:06]} {[%emt 00:03:12]} d5 {[%clk 01:24:26]} {[%emt 00:01:43]} 19.
Bf4 {[%clk 00:56:53]} {[%emt 00:00:42]} Qb6 {[%clk 01:24:00]} {[%emt 00:00:55]}
20. b4 {[%clk 00:56:55]} {[%emt 00:00:32]} Ne4 {[%clk 01:23:53]} {[%emt
00:00:36]} 21. O-O {[%clk 00:53:49]} {[%emt 00:03:35]} Bd7 {[%clk 01:22:59]}
{[%emt 00:01:24]} 22. Rfe1 {[%clk 00:49:25]} {[%emt 00:04:54]} Bb5 {[%clk
01:22:44]} {[%emt 00:00:46]} 23. Be3 {[%clk 00:48:36]} {[%emt 00:01:19]} Qd8
{[%clk 01:22:41]} {[%emt 00:00:30]} 24. Qxd8 {[%clk 00:46:34]} {[%emt
00:02:35]} Rfxd8 {[%clk 01:23:04]} {[%emt 00:00:07]} 25. Nf4 {[%clk 00:45:27]}
{[%emt 00:01:36]} Nd6 {[%clk 01:22:26]} {[%emt 00:01:08]} 26. Rac1 {[%clk
00:42:08]} {[%emt 00:03:49]} Nc4 {[%clk 01:22:10]} {[%emt 00:00:46]} 27. Bc5
{[%clk 00:39:18]} {[%emt 00:03:21]} b6 {[%clk 01:22:17]} {[%emt 00:00:23]} 28.
Be7 {[%clk 00:39:28]} {[%emt 00:00:19]} Re8 {[%clk 01:22:32]} {[%emt 00:00:16]}
29. Bh4 {[%clk 00:39:07]} {[%emt 00:00:51]} Nxb2 {[%clk 01:22:20]} {[%emt
00:00:42]} 30. Rc2 {[%clk 00:34:18]} {[%emt 00:05:19]} Nd3 {[%clk 01:22:27]}
{[%emt 00:00:23]} 31. Nxd3 {[%clk 00:34:01]} {[%emt 00:00:47]} Bxd3 {[%clk
01:22:49]} {[%emt 00:00:07]} 32. Rcc1 {[%clk 00:33:50]} {[%emt 00:00:41]} Rac8
{[%clk 01:23:00]} {[%emt 00:00:20]} 33. Re3 {[%clk 00:33:33]} {[%emt 00:00:47]}
Bh6 {[%clk 01:23:06]} {[%emt 00:00:23]} 34. Rxd3 {[%clk 00:32:23]} {[%emt
00:01:40]} Bxc1 {[%clk 01:23:25]} {[%emt 00:00:11]} 35. Bf6 {[%clk 00:32:01]}
{[%emt 00:00:52]} Bh6 {[%clk 01:23:17]} {[%emt 00:00:38]} 36. Rd1 {[%clk
00:27:41]} {[%emt 00:04:50]} Bg7 {[%clk 01:22:45]} {[%emt 00:01:02]} 37. Bh4
{[%clk 00:26:40]} {[%emt 00:01:31]} Rxc3 {[%clk 01:22:19]} {[%emt 00:00:56]}
38. h3 {[%clk 00:26:38]} {[%emt 00:00:33]} Rec8 {[%clk 01:22:36]} {[%emt
00:00:12]} 39. Bg5 {[%clk 00:26:32]} {[%emt 00:00:37]} h6 {[%clk 01:22:19]}
{[%emt 00:00:46]} 40. Bd2 {[%clk 00:26:55]} {[%emt 00:00:07]} Rd3 {[%clk
01:22:23]} {[%emt 00:00:24]} 41. Kf1 {[%clk 00:25:55]} {[%emt 00:01:32]} Bc3
{[%clk 01:22:31]} {[%emt 00:00:21]} 42. Ke2 {[%clk 00:26:08]} {[%emt 00:00:18]}
Rxd2+ {[%clk 01:22:51]} {[%emt 00:00:11]} 43. Rxd2 {[%clk 00:26:30]} {[%emt
00:00:08]} Bxd2 {[%clk 01:23:14]} {[%emt 00:00:07]} 44. Kxd2 {[%clk 00:26:56]}
{[%emt 00:00:04]} a5 {[%clk 01:23:12]} {[%emt 00:00:31]} 45. bxa5 {[%clk
00:26:58]} {[%emt 00:00:28]} bxa5 {[%clk 01:23:37]} {[%emt 00:00:05]} 46. g4
{[%clk 00:27:14]} {[%emt 00:00:14]} a4 {[%clk 01:23:58]} {[%emt 00:00:10]} 47.
Ke3 {[%clk 00:27:30]} {[%emt 00:00:13]} a3 {[%clk 01:24:19]} {[%emt 00:00:10]}
48. Kf3 {[%clk 00:27:53]} {[%emt 00:00:07]} a2 {[%clk 01:24:41]} {[%emt
00:00:07]} 49. Kg3 {[%clk 00:28:16]} {[%emt 00:00:07]} a1=Q {[%emt 00:00:13]}
50. Kh2 {[%clk 00:28:17]} {[%emt 00:00:28]} Rc3 {[%clk 01:25:12]} {[%emt
00:00:17]} 51. g5 {[%clk 00:28:29]} {[%emt 00:00:19]} Qe1 {[%clk 01:25:09]}
{[%emt 00:00:32]} 52. Kg2 {[%clk 00:28:45]} {[%emt 00:00:14]} Rc2 {[%clk
01:25:19]} {[%emt 00:00:20]} 53. Kg3 {[%clk 00:29:07]} {[%emt 00:00:09]} Qxf2+
{[%clk 01:25:41]} {[%emt 00:00:07]} 54. Kg4 {[%clk 00:29:28]} {[%emt 00:00:09]}
h5# {[%clk 01:26:04]} {[%emt 00:00:08]} 0-1

[Event "ODJM C 2024"]
[Site "Willingen GER"]
[Date "2024.05.19"]
[Round "1"]
[White "Classen, Miguel"]
[Black "Lau, Lars"]
[Result "1-0"]
[Termination "normal"]
[Board "6"]
[WhiteElo "1519"]
[BlackElo "1554"]
[WhiteClock "00:58:58"]
[BlackClock "00:37:02"]
[PlyCount "55"]
[WhiteFideId "34623825"]
[BlackFideId "34623663"]
[EventCountry "GER"]
[EventRounds "9"]
[EventType "swiss"]
[EventDate "2024.05.18"]

1. e4 {[%clk 01:30:57]} {[%emt 00:00:02]} c5 {[%clk 01:30:56]} {[%emt
00:00:04]} 2. c3 {[%clk 01:31:18]} {[%emt 00:00:09]} d6 {[%clk 01:31:00]}
{[%emt 00:00:26]} 3. d4 {[%clk 01:31:35]} {[%emt 00:00:13]} cxd4 {[%clk
01:31:15]} {[%emt 00:00:15]} 4. cxd4 {[%clk 01:31:56]} {[%emt 00:00:09]} Nf6
{[%clk 01:31:19]} {[%emt 00:00:26]} 5. Nc3 {[%clk 01:31:56]} {[%emt 00:00:30]}
a6 {[%clk 01:31:39]} {[%emt 00:00:10]} 6. Bd3 {[%clk 01:30:45]} {[%emt
00:01:41]} Nbd7 {[%clk 01:31:14]} {[%emt 00:00:55]} 7. Nf3 {[%clk 01:28:22]}
{[%emt 00:02:53]} e5 {[%clk 01:21:52]} {[%emt 00:09:52]} 8. d5 {[%clk
01:27:49]} {[%emt 00:01:04]} Be7 {[%clk 01:22:02]} {[%emt 00:00:20]} 9. Be3
{[%clk 01:26:25]} {[%emt 00:01:54]} b5 {[%clk 01:20:02]} {[%emt 00:02:29]} 10.
b4 {[%clk 01:21:22]} {[%emt 00:05:33]} Bb7 {[%clk 01:19:36]} {[%emt 00:00:56]}
11. h3 {[%clk 01:21:06]} {[%emt 00:00:47]} Rc8 {[%clk 01:16:17]} {[%emt
00:03:48]} 12. Rc1 {[%clk 01:19:09]} {[%emt 00:02:27]} O-O {[%clk 01:08:15]}
{[%emt 00:08:33]} 13. O-O {[%clk 01:15:53]} {[%emt 00:03:44]} Re8 {[%clk
01:03:38]} {[%emt 00:05:08]} 14. Qe2 {[%clk 01:13:12]} {[%emt 00:03:10]} Nf8
{[%clk 01:02:15]} {[%emt 00:01:54]} 15. Nxb5 {[%clk 01:08:24]} {[%emt
00:05:19]} Rxc1 {[%clk 01:01:46]} {[%emt 00:00:58]} 16. Rxc1 {[%clk 01:08:35]}
{[%emt 00:00:19]} axb5 {[%clk 01:01:46]} {[%emt 00:00:30]} 17. Bxb5 {[%clk
01:08:56]} {[%emt 00:00:09]} N8d7 {[%clk 01:01:39]} {[%emt 00:00:38]} 18. Nd2
{[%clk 01:08:42]} {[%emt 00:00:44]} Qa8 {[%clk 01:00:37]} {[%emt 00:01:31]} 19.
a4 {[%clk 01:08:34]} {[%emt 00:00:38]} Rd8 {[%clk 00:57:36]} {[%emt 00:03:32]}
20. a5 {[%clk 01:08:02]} {[%emt 00:01:02]} Nxd5 {[%clk 00:53:37]} {[%emt
00:04:28]} 21. exd5 {[%clk 01:06:15]} {[%emt 00:02:17]} Bxd5 {[%clk 00:54:02]}
{[%emt 00:00:06]} 22. Rc7 {[%clk 01:04:22]} {[%emt 00:02:21]} Be6 {[%clk
00:53:37]} {[%emt 00:00:56]} 23. a6 {[%clk 01:00:51]} {[%emt 00:04:02]} d5
{[%clk 00:52:39]} {[%emt 00:01:28]} 24. a7 {[%clk 01:00:15]} {[%emt 00:01:06]}
Bd6 {[%clk 00:50:20]} {[%emt 00:02:49]} 25. Bc6 {[%clk 01:00:00]} {[%emt
00:00:44]} Bxc7 {[%clk 00:50:39]} {[%emt 00:00:11]} 26. Bxa8 {[%clk 01:00:19]}
{[%emt 00:00:11]} Rxa8 {[%clk 00:51:07]} {[%emt 00:00:02]} 27. Qb5 {[%clk
01:00:32]} {[%emt 00:00:17]} d4 {[%clk 00:37:02]} {[%emt 00:14:36]} 28. Qb7
{[%clk 00:58:58]} {[%emt 00:02:03]} 1-0

[Event "ODJM C 2024"]
[Site "Willingen GER"]
[Date "2024.05.19"]
[Round "1"]
[White "Frydel, Helena"]
[Black "Buntin, Amelia Bernadette"]
[Result "1-0"]
[Termination "normal"]
[Board "7"]
[WhiteElo "1485"]
[BlackElo "1096"]
[WhiteClock "01:27:03"]
[BlackClock "01:10:13"]
[PlyCount "107"]
[WhiteFideId "16266536"]
[BlackFideId "34649581"]
[EventCountry "GER"]
[EventRounds "9"]
[EventType "swiss"]
[EventDate "2024.05.18"]

1. e4 {[%clk 01:30:53]} {[%emt 00:00:07]} d6 {[%clk 01:30:55]} {[%emt
00:00:06]} 2. d4 {[%clk 01:31:18]} {[%emt 00:00:05]} Nf6 {[%clk 01:31:23]}
{[%emt 00:00:03]} 3. Nc3 {[%clk 01:31:23]} {[%emt 00:00:25]} g6 {[%clk
01:31:09]} {[%emt 00:00:10]} 4. Nf3 {[%clk 01:31:39]} {[%emt 00:00:47]} Bg7
{[%clk 01:31:32]} {[%emt 00:00:06]} 5. e5 {[%clk 01:31:54]} {[%emt 00:00:16]}
dxe5 {[%emt 00:00:21]} 6. Nxe5 {[%emt 00:01:06]} O-O {[%emt 00:00:22]} 7. Bc4
{[%emt 00:00:27]} e6 {[%clk 01:29:16]} {[%emt 00:00:28]} 8. O-O {[%clk
01:31:44]} {[%emt 00:00:42]} Nbd7 {[%emt 00:00:05]} 9. h3 {[%emt 00:00:33]}
Nxe5 {[%clk 01:28:34]} {[%emt 00:00:33]} 10. dxe5 {[%clk 01:31:03]} {[%emt
00:01:13]} Qxd1 {[%emt 00:00:10]} 11. Rxd1 {[%emt 00:00:09]} Nd7 {[%clk
01:28:39]} {[%emt 00:00:04]} 12. f4 {[%clk 01:30:12]} {[%emt 00:01:21]} c6
{[%clk 01:28:27]} {[%emt 00:00:43]} 13. Be3 {[%clk 01:29:28]} {[%emt 00:01:11]}
b5 {[%clk 01:28:28]} {[%emt 00:00:32]} 14. Bb3 {[%clk 01:29:03]} {[%emt
00:00:54]} a5 {[%clk 01:27:30]} {[%emt 00:01:28]} 15. a4 {[%clk 01:29:06]}
{[%emt 00:00:28]} b4 {[%emt 00:00:41]} 16. Ne4 {[%emt 00:00:12]} Rd8 {[%clk
01:26:33]} {[%emt 00:00:33]} 17. Bb6 {[%clk 01:28:57]} {[%emt 00:00:39]} Re8
{[%emt 00:00:30]} 18. Be3 {[%emt 00:00:36]} Rb8 {[%emt 00:00:24]} 19. Ba7
{[%emt 00:01:10]} Rb7 {[%clk 01:24:10]} {[%emt 00:00:13]} 20. Be3 {[%clk
01:29:15]} {[%emt 00:00:11]} Rc7 {[%emt 00:00:33]} 21. Nd6 {[%emt 00:00:38]}
Rf8 {[%clk 01:22:39]} {[%emt 00:00:51]} 22. Nxc8 {[%clk 01:29:12]} {[%emt
00:00:34]} Rfxc8 {[%emt 00:00:18]} 23. Rd6 {[%emt 00:00:24]} Bf8 {[%emt
00:01:02]} 24. Rd3 {[%emt 00:00:21]} Nc5 {[%emt 00:00:24]} 25. Bxc5 {[%emt
00:00:44]} Bxc5+ {[%clk 01:19:42]} {[%emt 00:00:13]} 26. Kh1 {[%clk 01:28:43]}
{[%emt 00:00:41]} Rb7 {[%clk 01:19:17]} {[%emt 00:01:09]} 27. Rad1 {[%clk
01:28:39]} {[%emt 00:00:35]} Rbb8 {[%clk 01:19:37]} {[%emt 00:00:14]} 28. g3
{[%clk 01:28:00]} {[%emt 00:01:06]} Bb6 {[%clk 01:19:31]} {[%emt 00:00:36]} 29.
Kg2 {[%clk 01:28:12]} {[%emt 00:00:17]} Rd8 {[%emt 00:00:32]} 30. Rd6 {[%emt
00:01:22]} Bc7 {[%emt 00:00:54]} 31. Rd7 {[%emt 00:01:01]} Rxd7 {[%clk
01:16:05]} {[%emt 00:00:11]} 32. Rxd7 {[%clk 01:28:33]} {[%emt 00:00:09]} Bb6
{[%emt 00:00:09]} 33. Rd6 {[%emt 00:00:31]} Bc5 {[%emt 00:00:23]} 34. Rxc6
{[%emt 00:00:31]} Bd4 {[%clk 01:14:29]} {[%emt 00:00:30]} 35. Ra6 {[%clk
01:28:25]} {[%emt 00:00:38]} Bxb2 {[%emt 00:00:22]} 36. Rxa5 {[%emt 00:00:16]}
Rd8 {[%clk 01:14:13]} {[%emt 00:00:10]} 37. Kf3 {[%clk 01:28:19]} {[%emt
00:00:33]} h5 {[%emt 00:01:12]} 38. h4 {[%emt 00:00:54]} Rc8 {[%clk 01:12:05]}
{[%emt 00:00:35]} 39. Ke4 {[%clk 01:28:23]} {[%emt 00:00:25]} Rc3 {[%clk
01:12:10]} {[%emt 00:00:26]} 40. Ra8+ {[%clk 01:28:39]} {[%emt 00:00:13]} Kg7
{[%emt 00:00:11]} 41. Ra7 {[%emt 00:00:55]} Rxg3 {[%clk 01:10:40]} {[%emt
00:00:19]} 42. Bxe6 {[%clk 01:29:05]} {[%emt 00:00:39]} Rg2 {[%emt 00:00:49]}
43. Rxf7+ {[%emt 00:00:15]} Kh6 {[%clk 01:09:47]} {[%emt 00:00:19]} 44. f5
{[%clk 01:27:44]} {[%emt 00:01:52]} Rxc2 {[%clk 01:09:58]} {[%emt 00:00:16]}
45. fxg6 {[%clk 01:27:38]} {[%emt 00:00:39]} Kxg6 {[%clk 01:10:13]} {[%emt
00:00:13]} 46. Rf6+ {[%clk 01:27:03]} {[%emt 00:01:07]} Kg7 {[%emt 00:00:13]}
47. Rf7+ {[%emt 00:00:27]} Kg6 {[%emt 00:00:08]} 48. Bd5 {[%emt 00:00:36]} Rc3
{[%emt 00:00:21]} 49. e6 {[%emt 00:00:20]} Ba3 {[%emt 00:00:24]} 50. e7 {[%emt
00:00:40]} Rc8 {[%emt 00:00:07]} 51. Rf8 {[%emt 00:00:22]} b3 {[%emt 00:00:20]}
52. e8=Q+ {[%emt 00:01:00]} Rxe8+ {[%emt 00:00:18]} 53. Rxe8 {[%emt 00:00:06]}
b2 {[%emt 00:00:14]} 54. Ba2 {[%clk 01:27:03]} {[%emt 00:00:10]} 1-0